000
00262nam a2200109Ia 4500
008
231129s9999||||xx |||||||||||||| ||spa||
082
_a
E863.44 A473p
100
_a
Alvarez Consuelo
245
0
_a
La piedad desnuda
264
_a
Joaquin Mortiz
942
_2
ddc
_c
BKS
999
_c
17921
_d
17921